00314nam a2200121Ia 4500008004100000041000800041082001200049100003300061245002000094260004700114300002400161365000700185240624s9999 xx 000 0 und d aeng a368 III aINSURANCE INSTITUTE OF INDIA aMOTOR INSURANCE c2009aMumbaibInsurance Institute of India a392 : p. : cm. ; 21 cRS